Responses for show #7393 - Wednesday, November 2, 2016

Contestants

Dennis Fipps, a retired Navy medical specialist from San Diego, California

Courtney Cissel, a rental coordinator from Raleigh, North Carolina

Vivek Ravishanker, a freelance consultant from Higganum, Connecticut (whose 1-day cash winnings total $23,199)

Jeopardy! Round responses

WHAT A BUNCH OF BOLOGNA
LITERARY FROGS & TOADS
"B"RANDS
WE LOVE '80s MUSIC
GUNS N' ROSES
NEW ORDER
(Alex: I'll give you a word, you rearrange the letters in that word to fit the clue, all right?)
    $200 26
the Apennines

Dennis
    $200 11
Beatrix Potter

Courtney
    $200 6
Brawny

Courtney
    $200 13
Thriller

Courtney
    $200 21
Texas

Dennis
    $200 1
(Courtney: What is a pirate?)
(Alex: Say it again.)
(Courtney: What is a pirate?)
...
(Alex: You have to use all the letters in the word.)

pirates

VivekCourtney
    $400 27
gold

Vivek
    $400 12
The Wind in the Willows

Vivek
    $400 7
Black & Decker

Vivek
    $400 17
Boy George

Courtney
    $400 22
caliber

Vivek
    $400 2
(Courtney: What is admired?)

married

VivekCourtney
    $600 28
Copernicus

Vivek
    $600 14
(Vivek: Who is Steinbeck?)

Mark Twain

VivekDennis
    $600 8
Birkenstock

Vivek
    $600 18
Cyndi Lauper

Dennis
    $600 23
American Beauty

Dennis
    $600 3
enraged

Vivek
    $800 29
(Saint) George

Vivek
    $800 15
J.K. Rowling

Courtney
    $800 9
bazooka

Courtney
    $800 19
"Hungry Like The Wolf"

Courtney
    $800 24
rambling

Dennis
    $800 4
listen

Courtney
    $1000 30
(Courtney: What is Sicily?)

Sardinia

Courtney
Triple Stumper
    $1000 16
Aesop

Vivek
    $1,200 10
Burt's Bees

Courtney
    $1000 20
Men at Work

Vivek
    $1000 25
(Dennis: What is the lever action?)

a bolt action

Dennis
Triple Stumper
    $1000 5
(Dennis: What is spirits?)

sprites

Dennis
Triple Stumper

Scores at the first commercial break (after clue 15):

Vivek Courtney Dennis
$2,000 $3,600 -$400

Scores at the end of the Jeopardy! Round:

Vivek Courtney Dennis
$6,200 $3,800 $1,000

Double Jeopardy! Round responses

YOUTH MOVEMENTS
ANATOMICAL QUOTES
FOX(X) NEWS
TV SHOWS BASED ON BOOKS
THE COUNTRY'S UNKNOWN SOLDIER...
"D" IN SCIENCE
(Alex: ...because each correct response will begin with that letter.)
    $400 11
Royal Air Force (RAF)

Vivek
    $400 1
hands

Courtney
    $400 21
Jamie Foxx

Courtney
    $400 16
Dexter

Vivek
    $400 22
Australia

Dennis
    $400 6
density

Dennis
    $800 12
Junior Achievement

Dennis
    $800 2
Sherlock Holmes

Courtney
    $800 25
"Desert Fox"

Courtney
    $800 17
True Blood

Courtney
    $800 23
Egypt

Dennis
    $800 7
dextrose

Vivek
    $1200 13
South Korea

Dennis
    $1200 3
knees

Courtney
    $1200 28
the foxtrot

Vivek
    $1200 18
Boardwalk Empire

Dennis
    $1200 24
Greece

Vivek
    $1200 8
diffraction

Vivek
    $1600 14
Campfire Girls

Dennis
    $1600 4
an eye

Courtney
    $1600 29
Redd Foxx

Dennis
    $1600 19
Justified

Vivek
    $2,400 26
Poland

Courtney
    $1600 9
James Dewar

Triple Stumper
    $2000 15
Burma

Triple Stumper
    $2,200 5
(Courtney: I have no idea.)

faint heart

Courtney
    $2000 30
Vicente Fox

Triple Stumper
    $2000 20
Mozart in the Jungle

Triple Stumper
    $2000 27
Finland

Triple Stumper
    $2000 10
(Dennis: What is bimorphism?)

dimorphism

VivekDennis

Scores at the end of the Double Jeopardy! Round:

Vivek Courtney Dennis
$15,000 $10,000 $7,000

[wagering suggestions for these scores]

Final Jeopardy! Round responses

EW's 50 GREATEST MOVIE DIRECTORS
(Alex: Entertainment Weekly's...)
(Alex: He was the star and director of what many people claim to be the greatest film ever made.)
...
(Alex: [To Courtney] He was a famous producer.)
...
(Alex: Vivek seemed very happy a moment ago when I made my little comment. Why? Because he knows that [*], who starred in and directed Citizen Kane, is the correct response.)
DennisWho is Frank Kapra?
$3,001
CourtneyWho is Selznick?
$2,000
VivekWho is Orson Welles?
$5,001
Orson Welles

Final scores:

Vivek Courtney Dennis
$20,001 $8,000 $3,999
2-day champion: $43,200 2nd place: $2,000 3rd place: $1,000

Game dynamics:

Coryat scores:

Vivek Courtney Dennis
$15,000 $11,200 $7,000
20 R,
1 W
17 R
(including 2 DDs),
4 W
(including 1 DD)
14 R,
3 W

Combined Coryat: $33,200

The J! Archive is created by fans, for fans. The Jeopardy! game show and all elements thereof, including but not limited to copyright and trademark thereto, are the property of Jeopardy Productions, Inc. and are protected under law. This website is not affiliated with, sponsored by, or operated by Jeopardy Productions, Inc. Join the discussion at JBoard.tv.